[Event "BCF-chT4S 1920 (4NCL)"]
[Site "England"]
[Date "2020.01.12"]
[Round "4.76"]
[White "Thomson, James L"]
[Black "Lightfoot, Malcolm J"]
[Result "1/2-1/2"]
[WhiteElo "1750"]
[BlackElo "1796"]
[PlyCount "65"]
[EventDate "2019.11.09"]
[EventType "team-swiss"]
[EventRounds "11"]
[EventCountry "ENG"]
[SourceTitle "EXT 2022"]
[Source "ChessBase"]
[SourceDate "2021.10.06"]
[SourceVersion "1"]
[SourceVersionDate "2021.10.06"]
[SourceQuality "1"]
[WhiteTeam "Ashfield II"]
[BlackTeam "Iceni II"]
[WhiteTeamCountry "ENG"]
[BlackTeamCountry "ENG"]

1. d4 Nf6 2. c4 g6 3. f3 d5 4. cxd5 Nxd5 5. e4 Nb6 6. Nc3 Bg7 7. Be3 c6 8. Qd2 0-0 9. Rd1 e5 10. Qf2 exd4 11. Bxd4 Bxd4 12. Rxd4 Qe7 13. Nge2 N8d7 14. Ng3 Nc5 15. Be2 Ne6 16. Rd2 Nf4 17. 0-0 Be6 18. b3 h5 19. Bd1 h4 20. Nge2 Nh3+ 21. gxh3 Qg5+ 22. Ng3 hxg3 23. hxg3 Bxh3 24. Re1 Rad8 25. Ree2 Qe5 26. Nb1 Be6 27. Kg2 c5 28. Rxd8 Rxd8 29. Rd2 Rd7 30. Rxd7 Nxd7 31. Qd2 Qh5 32. Kg1 Ne5 33. Qf4 1/2-1/2

[Event "BCF-chT3Sb 1819 (4NCL)"]
[Site "England"]
[Date "2019.01.12"]
[Round "3.86"]
[White "Bennet Stevens, Lucy"]
[Black "Lightfoot, Malcolm J"]
[Result "1-0"]
[WhiteElo "1967"]
[BlackElo "1846"]
[PlyCount "59"]
[EventDate "2018.11.17"]
[EventType "team-tourn"]
[EventRounds "7"]
[EventCountry "ENG"]
[SourceTitle "EXT 2021"]
[Source "ChessBase"]
[SourceDate "2020.10.23"]
[SourceVersion "1"]
[SourceVersionDate "2020.10.23"]
[SourceQuality "1"]
[WhiteTeam "Sussex Martlets II"]
[BlackTeam "Iceni II"]
[WhiteTeamCountry "ENG"]
[BlackTeamCountry "ENG"]

1. e4 c5 2. Nf3 d6 3. Bb5+ Bd7 4. Bxd7+ Qxd7 5. 0-0 Nc6 6. d3 g6 7. Nbd2 Bg7 8. Re1 e5 9. Nf1 Nge7 10. c3 0-0 11. Ng3 d5 12. Be3 d4 13. cxd4 Nxd4 14. Nxd4 cxd4 15. Bd2 Kh8 16. f4 exf4 17. Bxf4 f5 18. Rc1 fxe4 19. Rxe4 Nd5 20. Be5 Bxe5 21. Rxe5 Ne3 22. Qd2 Rac8 23. Re4 Rxc1+ 24. Qxc1 Rc8 25. Qb1 Rc2 26. Rxe3 Qc6 27. Qf1 Rxg2+ 28. Qxg2 Qc1+ 29. Nf1 dxe3 30. Qf3 1-0

[Event "BCF-chT3 1415 (4NCL)"]
[Site "England"]
[Date "2015.05.02"]
[Round "9.226"]
[White "Lightfoot, Malcolm J"]
[Black "Davies, Peter L"]
[Result "1/2-1/2"]
[WhiteElo "1867"]
[BlackElo "1971"]
[PlyCount "81"]
[EventDate "2015.03.21"]
[EventType "team-swiss"]
[EventRounds "11"]
[EventCountry "ENG"]
[SourceTitle "EXT 2016"]
[Source "ChessBase"]
[SourceDate "2015.10.08"]
[SourceVersion "1"]
[SourceVersionDate "2015.10.08"]
[SourceQuality "1"]
[WhiteTeam "Iceni II"]
[BlackTeam "The Full Ponty"]
[WhiteTeamCountry "ENG"]
[BlackTeamCountry "ENG"]

1. e4 c5 2. Nf3 Nc6 3. d4 cxd4 4. Nxd4 Nf6 5. Nc3 d6 6. Bg5 e6 7. Qd2 Be7 8. 0-0-0 a6 9. f4 Qc7 10. Be2 Bd7 11. Bxf6 gxf6 12. Bh5 Nxd4 13. Qxd4 Bc6 14. f5 Kf8 15. Rhf1 Qa5 16. Kb1 Qe5 17. Qd2 h6 18. Rf4 Rd8 19. Re1 b5 20. Bf3 b4 21. Nd5 a5 22. g3 Rb8 23. fxe6 fxe6 24. Nxe7 Kxe7 25. Rh4 Qg5 26. Qf2 Qc5 27. Qxc5 dxc5 28. Kc1 Rbd8 29. Rd1 Rxd1+ 30. Kxd1 e5 31. Ke2 Kf7 32. Bh5+ Kf8 33. Ke3 Bd7 34. Bg6 Be6 35. a3 Kg7 36. Bf5 Bc4 37. Rg4+ Kf8 38. axb4 cxb4 39. b3 Bb5 40. Be6 Be8 41. Bd5 1/2-1/2